22 casos prc̀ticos sobre Administracin̤ Pb︢lica Instituto Nacional de Administracin̤ Pb︢lica (INAP)

Detalles Bibliográficos
Formato: eBook
Lenguaje:español
Publicado: Madrid : Instituto Nacional de Administracin̤ Pb︢lica (INAP), 2012
Colección:Estudios y documentos
Materias:
Acceso en línea:Acceso restringido

MARC

LEADER 00000nam a22000007a 4500
005 20120329140547.0
007 cr|||| ||||
008 120329s2012 sp |||||s|||| 00||0 spa d
020 |a 978-84-7351-408-8 
035 |a 6270 
040 |a vLex 
090 |c 3100  |d 3100 
245 0 0 |a 22 casos prc̀ticos sobre Administracin̤ Pb︢lica  |h [Recurso electrn̤ico] /  |b Instituto Nacional de Administracin̤ Pb︢lica (INAP) 
256 |a Servicio en ln̕ea 
260 |a Madrid :  |b Instituto Nacional de Administracin̤ Pb︢lica (INAP),  |c 2012 
300 |a 1 recurso electrn̤ico 
490 0 |a  Estudios y documentos  
500 |a Publicacin̤ que recoge las experiencias y casos que han plasmado un conjunto de directivos pb︢licos y responsables de r̀ea, sobre diferentes temas acerca del da̕ a da̕ en las administraciones pb︢licas.  
506 1 |a Contenido solo disponible en los productos indicados  |d vLex Global  |d vLex Global (Academic Edition, excluding Law Schools)  |d vLex Global (U.S. Academic Edition, Law Schools)  |d vLex Global (U.S. Academic Edition, excluding Law Schools)  |d vLex Global (Academic Edition, Law Schools) 
650 |a Administracin̤ pb︢lica 
740 0 |a vLex Libros (Servicio en ln̕ea) 
856 4 0 |u http://vlex.com/source/22-casos-praticos-administracion-publica-6270  |z Acceso restringido 
942 |c BOOK 
999 0 |a Public administration